Annual report of the board of regents of the Smithsonian institution (Record no. 18422)
[ view plain ]
| 000 -LEADER | |
|---|---|
| fixed length control field | 00595nam a22001457a 4500 |
| 008 - FIXED-LENGTH DATA ELEMENTS--GENERAL INFORMATION | |
| fixed length control field | 230405b |||||||| |||| 00| 0 eng d |
| 040 ## - CATALOGING SOURCE | |
| Original cataloging agency | National Science Library |
| Transcribing agency | National Science Library |
| 080 ## - UNIVERSAL DECIMAL CLASSIFICATION NUMBER | |
| Universal Decimal Classification number | 061.5(73) |
| Item number | K0 |
| 245 ## - TITLE STATEMENT | |
| Title | Annual report of the board of regents of the Smithsonian institution |
| Statement of responsibility, etc. | / Showing the Operations, Expenditures, and Condition of the Institution for the Year Ended June 30 |
| 260 ## - PUBLICATION, DISTRIBUTION, ETC. | |
| Place of publication, distribution, etc. | Washington: |
| Name of publisher, distributor, etc. | United States Government Printing Office, |
| Date of publication, distribution, etc. | 1959 |
| 300 ## - PHYSICAL DESCRIPTION | |
| Extent | x, 693p. |
| 490 ## - SERIES STATEMENT | |
| Series statement | Publication |
| Volume/sequential designation | 4392 |
| 650 ## - SUBJECT ADDED ENTRY--TOPICAL TERM | |
| Topical term or geographic name entry element | Smithsonian institute |
| 942 ## - ADDED ENTRY ELEMENTS (KOHA) | |
| Source of classification or shelving scheme | Universal Decimal Classification |
| Koha item type | Books |
| Withdrawn status | Lost status | Source of classification or shelving scheme | Damaged status | Not for loan | Home library | Current library | Shelving location | Date acquired | Total Checkouts | Full call number | Barcode | Date last seen | Price effective from | Koha item type |
|---|---|---|---|---|---|---|---|---|---|---|---|---|---|---|
| Universal Decimal Classification | National Science Library | National Science Library | GF/Rk-4/C-23/R-2 | 29/07/2004 | 061.5(73) K0 | 192977 | 05/04/2023 | 29/07/2004 | Books |